000 01196nam a22002897a 4500
999 _c22394
_d22394
003 OSt
005 20220523100026.0
008 220523b ||||| |||| 00| 0 spa
020 _a9786124582462
040 _cBiblioteca Municipal del Cusco
082 0 0 _a985.01/O44
_bO44
100 1 _aOlivera Núñez, Quirino
_948008
245 1 0 _aArqueología Alto Amazónica :
_blos orígenes de la civilización en el Perú /
_cQuirino Olivera Núñez
246 3 1 _aHigh Amazon archeology :
_bthe origins of the civilizations in Perú
250 _aPrimera edición.
264 1 _aLima :
_bApus Graph Ediciones,
_c2014.
300 _a260 páginas. :
_bilustraciones en color, mapas, plano, retratos ;
_c30x25 cm.
500 _aTexto en español e inglés.
504 _aBibliografía: páginas. 258-260.
650 _aArqueología
_zAmazonía
_zPerú
_948009
650 _aExcavaciones (Arqueología)
_zAmazonía
_zPerú
_948010
651 _aPerú
_xHistoria
_yÉpoca Prehispánica
_948011
651 _aAmazonía peruana (Perú)
_xHistoria
_yÉpoca Prehispánica
_948012
651 _aPerú
_xAntigüedades
_yÉpoca Prehispánica
_948013
700 _aLuján, Rachel
_etraductor
_948014
942 _2ddc
_cLIBROS